[Event "Curitiba Sul Region-ch"]
[Site "Curitiba"]
[Date "2017.04.14"]
[Round "1"]
[White "Chemin, Vitorio"]
[Black "Perondi, Marcelo"]
[Result "1-0"]
[WhiteElo "2127"]
[BlackElo "1532"]
[PlyCount "49"]
[EventDate "2017.04.14"]
[EventType "swiss"]
[EventRounds "6"]
[EventCountry "BRA"]
[SourceTitle "CBM 178 Extra"]
[Source "ChessBase"]
[SourceDate "2017.06.22"]
[SourceVersion "1"]
[SourceVersionDate "2017.06.22"]
[SourceQuality "1"]

1. d4 Nf6 2. Nf3 g6 3. Bg5 Bg7 4. e3 d6 5. Bc4 0-0 6. 0-0 c5 7. c3 Nbd7 8. a4 cxd4 9. cxd4 Nb6 10. Ba2 Bd7 11. Nc3 Bc6 12. h3 Rc8 13. Re1 Ne4 14. Bb3 Nxc3 15. bxc3 Bxf3 16. Qxf3 Rxc3 17. Rab1 Qd7 18. a5 Nc4 19. Bxc4 Rxc4 20. Rxb7 Rc7 21. Reb1 Rfc8 22. a6 Qa4 23. Rxc7 Rxc7 24. Qa8+ Bf8 25. Bh6 1-0

[Event "Joinville op U220"]
[Site "Joinville"]
[Date "2017.02.17"]
[Round "2"]
[White "Caetano, Ryan Wesley da Cost"]
[Black "Perondi, Marcelo"]
[Result "1-0"]
[WhiteElo "1843"]
[BlackElo "1538"]
[PlyCount "159"]
[EventDate "2017.02.17"]
[EventType "swiss"]
[EventRounds "7"]
[EventCountry "BRA"]
[SourceTitle "CBM 177 Extra"]
[Source "ChessBase"]
[SourceDate "2017.04.27"]
[SourceVersion "1"]
[SourceVersionDate "2017.04.27"]
[SourceQuality "1"]

1. d4 Nf6 2. c4 g6 3. f3 d6 4. e4 Bg7 5. Be3 Nbd7 6. Nc3 c6 7. Bd3 0-0 8. Nge2 e5 9. d5 c5 10. Qd2 a6 11. a4 Nb6 12. a5 Nbd7 13. h4 h5 14. Bg5 Qc7 15. Rg1 b6 16. g4 bxa5 17. gxh5 Nxh5 18. Ng3 Nxg3 19. Rxg3 Nf6 20. Rg1 Nh5 21. Ne2 f5 22. Bh6 Kh7 23. Bxg7 Qxg7 24. Rg5 f4 25. 0-0-0 Rg8 26. Rdg1 Qb7 27. Nc3 Rb8 28. Qg2 Ng3 29. Qh2 Nh5 30. Qg2 Ng3 31. Qc2 Qb3 32. Qxb3 Rxb3 33. Kc2 Rb7 34. Ne2 Nh5 35. Ra1 Bd7 36. Rxa5 Rb6 37. b3 Bh3 38. Rg1 Rgb8 39. Ra3 Kg7 40. Kc3 Rh8 41. Rga1 Ra8 42. Ng1 Bc8 43. Bf1 Rab8 44. Bh3 Bxh3 45. Nxh3 Ng3 46. R1a2 Kh6 47. Ng5 Kh5 48. Ne6 Nf1 49. Rg2 Ng3 50. Rb2 Nf1 51. Ra1 Ne3 52. Rg1 a5 53. Nc7 a4 54. Nb5 axb3 55. Rxb3 Ra8 56. Na3 Rxb3+ 57. Kxb3 Rb8+ 58. Nb5 Rb6 59. Rg5+ Kh6 60. Kc3 Nd1+ 61. Kd2 Nb2 62. Kc3 Nd1+ 63. Kc2 Ne3+ 64. Kd3 Nd1 65. Rg1 Nb2+ 66. Kc3 Na4+ 67. Kb3 Ra6 68. Ra1 Kh5 69. Rxa4 Rxa4 70. Kxa4 Kxh4 71. Nxd6 Kg3 72. Nf7 Kxf3 73. d6 Kxe4 74. d7 f3 75. d8Q Ke3 76. Qg5+ Kf2 77. Nxe5 Ke2 78. Qxg6 f2 79. Qd3+ Ke1 80. Nf3# 1-0

[Event "Florianopolis op 3rd"]
[Site "Florianopolis"]
[Date "2017.01.25"]
[Round "9"]
[White "Gomes, Marco Tulio Caldeir"]
[Black "Perondi, Marcelo"]
[Result "1-0"]
[WhiteElo "1792"]
[BlackElo "1538"]
[PlyCount "60"]
[EventDate "2017.01.20"]
[EventType "swiss"]
[EventRounds "10"]
[EventCountry "BRA"]
[SourceTitle "EXT 2018"]
[Source "ChessBase"]
[SourceDate "2017.10.13"]
[SourceVersion "1"]
[SourceVersionDate "2017.10.13"]
[SourceQuality "1"]

1. c4 Nf6 2. Nc3 g6 3. g3 Bg7 4. Bg2 0-0 5. Nf3 d5 6. cxd5 Nxd5 7. 0-0 c6 8. Qb3 b6 9. e4 Nxc3 10. bxc3 c5 11. Bb2 Nc6 12. Rfd1 Bg4 13. h3 Be6 14. Qc2 Rc8 15. Ng5 Bd7 16. f4 e5 17. Rf1 h6 18. Nf3 f5 19. Nh4 Kh7 20. exf5 Bxf5 21. Nxf5 Rxf5 22. Be4 Rf6 23. fxe5 Nxe5 24. c4 Qd6 25. Rxf6 Bxf6 26. Rf1 Kg7 27. Bxg6 Nxg6 28. Bxf6+ Kh7 29. Be5 Qe6 30. Rf6 Qg8 1-0

[Event "Blumenau Ann 100 op"]
[Site "Blumenau"]
[Date "2016.09.23"]
[Round "1"]
[White "Perondi, Marcelo"]
[Black "De Borba, Gabriel"]
[Result "0-1"]
[WhiteElo "1488"]
[BlackElo "1973"]
[PlyCount "56"]
[EventDate "2016.09.23"]
[EventType "swiss"]
[EventRounds "6"]
[EventCountry "BRA"]
[SourceTitle "CBM 174 Extra"]
[Source "ChessBase"]
[SourceDate "2016.10.10"]
[SourceVersion "1"]
[SourceVersionDate "2016.10.10"]
[SourceQuality "1"]

1. Nf3 Nf6 2. g3 g6 3. d4 Bg7 4. Bg5 d6 5. Bg2 0-0 6. Qc1 Nc6 7. Bh6 e5 8. Bxg7 Kxg7 9. dxe5 dxe5 10. Nc3 Bf5 11. a3 Nd4 12. Nxd4 exd4 13. Nd1 c6 14. 0-0 Re8 15. e3 Nd5 16. exd4 Re2 17. Ne3 Nxe3 18. fxe3 Rxc2 19. Qe1 Rxb2 20. Qc3 Rc2 21. Qb3 Qd7 22. g4 Rxg2+ 23. Kxg2 Be4+ 24. Kg3 Qd6+ 25. Kh3 Bd5 26. Qd3 Re8 27. Rf4 g5 28. Rf5 Qh6+ 0-1

[Event "Sao Bento do Sul U2050 2nd"]
[Site "Sao Bento do Sul"]
[Date "2016.09.16"]
[Round "1.8"]
[White "Perondi, Marcelo"]
[Black "Pereira, Geanfrancesco"]
[Result "0-1"]
[WhiteElo "1488"]
[BlackElo "1944"]
[PlyCount "56"]
[EventDate "2016.09.16"]
[EventType "swiss"]
[EventRounds "7"]
[EventCountry "BRA"]
[SourceTitle "EXT 2022"]
[Source "ChessBase"]
[SourceDate "2021.10.06"]
[SourceVersion "1"]
[SourceVersionDate "2021.10.06"]
[SourceQuality "1"]

1. Nf3 e6 2. g3 b6 3. Bg2 Bb7 4. b3 f5 5. Bb2 Nf6 6. d3 Be7 7. Nbd2 0-0 8. 0-0 d6 9. Re1 Ng4 10. e3 Bf6 11. d4 Nd7 12. Nh4 Qc8 13. Bxb7 Qxb7 14. Qf3 d5 15. Ng2 Rae8 16. Nf4 g5 17. Nxe6 Rf7 18. Qxf5 Nh6 19. Qh3 g4 20. Qxh6 Rxe6 21. h3 Qc6 22. Qh5 Rg7 23. c4 Rg5 24. Qh4 Be7 25. hxg4 Rh6 26. cxd5 Rxd5 27. Qxe7 Rh1+ 28. Kxh1 Rh5+ 0-1

[Event "Florianopolis Winter U220 op"]
[Site "Florianopolis"]
[Date "2016.08.20"]
[Round "3"]
[White "Perondi, Marcelo"]
[Black "Ziliotto, Barbara Magro"]
[Result "1-0"]
[WhiteElo "1497"]
[BlackElo "1777"]
[PlyCount "69"]
[EventDate "2016.08.19"]
[EventType "swiss"]
[EventRounds "7"]
[EventCountry "BRA"]
[SourceTitle "CBM 174 Extra"]
[Source "ChessBase"]
[SourceDate "2016.10.10"]
[SourceVersion "1"]
[SourceVersionDate "2016.10.10"]
[SourceQuality "1"]

1. Nf3 Nc6 2. c4 e5 3. d3 Nf6 4. g3 Bc5 5. Bg2 0-0 6. Nbd2 d6 7. a3 Ng4 8. 0-0 Ne7 9. b4 Bb6 10. Bb2 c6 11. Nb3 Re8 12. c5 Bc7 13. cxd6 Qxd6 14. h3 Nf6 15. Nxe5 Qe6 16. Nc5 Qf5 17. Nf3 Qg6 18. Nh4 Qh6 19. Bc1 Qh5 20. Bf3 Qe5 21. Bf4 Qc3 22. Bxc7 Bxh3 23. Bg2 Bd7 24. Nxb7 Ned5 25. Bd6 Qb2 26. e3 Bg4 27. Bf3 Bd7 28. Nc5 Bc8 29. Na4 Nc3 30. Nxb2 Nxd1 31. Nxd1 Ba6 32. Bxc6 Bxd3 33. Re1 Ne4 34. Bxa8 Rxa8 35. Nb2 1-0

[Event "Florianopolis Winter U220 op"]
[Site "Florianopolis"]
[Date "2016.08.19"]
[Round "1"]
[White "Perondi, Marcelo"]
[Black "Cordioli, Jairo Ribeiro"]
[Result "0-1"]
[WhiteElo "1497"]
[BlackElo "1900"]
[PlyCount "61"]
[EventDate "2016.08.19"]
[EventType "swiss"]
[EventRounds "7"]
[EventCountry "BRA"]
[SourceTitle "CBM 174 Extra"]
[Source "ChessBase"]
[SourceDate "2016.10.10"]
[SourceVersion "1"]
[SourceVersionDate "2016.10.10"]
[SourceQuality "1"]

1. Nf3 Nf6 2. c4 g6 3. g3 Bg7 4. Bg2 0-0 5. d4 d5 6. 0-0 c6 7. Nc3 Nbd7 8. Bf4 dxc4 9. a4 a5 10. Qc2 Nb6 11. Ne5 Nfd5 12. Bd2 Nb4 13. Qe4 Bf5 14. Qh4 Nc2 15. Rad1 Nxd4 16. Bh6 Bxe5 17. Bxf8 Qxf8 18. Rxd4 Bxd4 19. Qxd4 Qd8 20. Qf4 Qd6 21. Qe3 Nd5 22. Qc1 Nxc3 23. Qxc3 Qb4 24. e4 Be6 25. Qc2 Qb3 26. Rc1 Qxc2 27. Rxc2 b5 28. axb5 cxb5 29. e5 Rb8 30. Bc6 Rb6 31. Be4 0-1

[Event "Sao Bento do Sul U2050 1st"]
[Site "Sao Bento do Sul"]
[Date "2016.05.22"]
[Round "6.22"]
[White "Perondi, Marcelo"]
[Black "Evangelista, Andriele"]
[Result "1-0"]
[WhiteElo "1503"]
[BlackElo "1354"]
[PlyCount "34"]
[EventDate "2016.05.20"]
[EventType "swiss"]
[EventRounds "7"]
[EventCountry "BRA"]
[SourceTitle "EXT 2022"]
[Source "ChessBase"]
[SourceDate "2021.10.06"]
[SourceVersion "1"]
[SourceVersionDate "2021.10.06"]
[SourceQuality "1"]

1. Nf3 d5 2. c4 Nf6 3. g3 Bf5 4. b3 e6 5. Bg2 Bc5 6. d3 h6 7. Nbd2 Qd6 8. a3 Qd7 9. Bb2 c6 10. Ne5 Qe7 11. 0-0 dxc4 12. Ndxc4 Nbd7 13. b4 b5 14. Nxc6 Qf8 15. N4e5 Nxe5 16. Nxe5 Bb6 17. Bxa8 Qe7 1-0

[Event "Sao Bento do Sul U2050 1st"]
[Site "Sao Bento do Sul"]
[Date "2016.05.22"]
[Round "7.15"]
[White "Zimmermann, Kleber Renato P"]
[Black "Perondi, Marcelo"]
[Result "1-0"]
[WhiteElo "1944"]
[BlackElo "1503"]
[PlyCount "49"]
[EventDate "2016.05.20"]
[EventType "swiss"]
[EventRounds "7"]
[EventCountry "BRA"]
[SourceTitle "EXT 2022"]
[Source "ChessBase"]
[SourceDate "2021.10.06"]
[SourceVersion "1"]
[SourceVersionDate "2021.10.06"]
[SourceQuality "1"]

1. d4 Nf6 2. c4 g6 3. Nc3 Bg7 4. e4 d6 5. f4 Nbd7 6. Nf3 0-0 7. Be2 c5 8. d5 Re8 9. 0-0 Nf8 10. h3 e6 11. Bd3 N6d7 12. Bd2 e5 13. f5 h6 14. fxg6 fxg6 15. Qe1 Nf6 16. Qh4 Nh5 17. Qxd8 Rxd8 18. Ne2 a6 19. Rab1 a5 20. a4 Nd7 21. g4 Nhf6 22. g5 hxg5 23. Bxg5 Rf8 24. Kh2 Nh7 25. Be7 1-0

[Event "Santa Catarina-ch sf1"]
[Site "Sao Bento do Sul"]
[Date "2016.03.05"]
[Round "4"]
[White "De Oliveira, Guilherme Alfredo B"]
[Black "Perondi, Marcelo"]
[Result "1-0"]
[WhiteElo "1655"]
[BlackElo "1512"]
[PlyCount "63"]
[EventDate "2016.03.04"]
[EventType "swiss"]
[EventRounds "6"]
[EventCountry "BRA"]
[SourceTitle "EXT 2018"]
[Source "ChessBase"]
[SourceDate "2017.10.13"]
[SourceVersion "1"]
[SourceVersionDate "2017.10.13"]
[SourceQuality "1"]

1. d4 Nf6 2. e3 g6 3. Bd3 Bg7 4. f4 d6 5. Nf3 Nbd7 6. c3 b6 7. Nbd2 Bb7 8. e4 0-0 9. e5 Nd5 10. Nc4 c5 11. 0-0 b5 12. Na3 b4 13. cxb4 cxd4 14. exd6 Nxb4 15. dxe7 Qxe7 16. Nc2 Nxc2 17. Bxc2 Qc5 18. Bd3 Nb6 19. Bd2 Rac8 20. a3 Nd5 21. Rc1 Qd6 22. Bc4 Ba6 23. b3 Bxc4 24. bxc4 Nxf4 25. Bb4 Qe6 26. Bxf8 Bxf8 27. Re1 Qg4 28. Qd2 Bxa3 29. Rb1 Rxc4 30. Ne5 Bc1 31. Rbxc1 Ne2+ 32. Kh1 1-0

[Event "Santa Catarina-ch sf1"]
[Site "Sao Bento do Sul"]
[Date "2016.03.04"]
[Round "1"]
[White "Perondi, Marcelo"]
[Black "Ribeiro, Regina"]
[Result "0-1"]
[WhiteElo "1512"]
[BlackElo "1973"]
[PlyCount "58"]
[EventDate "2016.03.04"]
[EventType "swiss"]
[EventRounds "6"]
[EventCountry "BRA"]
[SourceTitle "EXT 2018"]
[Source "ChessBase"]
[SourceDate "2017.10.13"]
[SourceVersion "1"]
[SourceVersionDate "2017.10.13"]
[SourceQuality "1"]

1. Nf3 Nf6 2. g3 d5 3. Bg2 c5 4. d3 g6 5. b3 Bg7 6. Bb2 0-0 7. 0-0 Nc6 8. e3 Qc7 9. Nbd2 e5 10. a3 Be6 11. Qe2 Bh6 12. c4 Rad8 13. Rac1 b6 14. Rfd1 Rfe8 15. h3 Bc8 16. b4 d4 17. b5 Ne7 18. Re1 Nf5 19. e4 Nd6 20. Nh2 Nh5 21. Rf1 Be6 22. Rc2 Rf8 23. Bc1 Kh8 24. a4 Qc8 25. Ng4 a5 26. Kh2 Bxg4 27. hxg4 Nf6 28. Bh3 Nd7 29. Rh1 g5 0-1

[Event "Santa Catarina State-ch sf2 60th"]
[Site "Sao Bento do Sul"]
[Date "2014.04.04"]
[Round "2"]
[White "Dos Santos, Haroldo Cunha Jr"]
[Black "Perondi, Marcelo"]
[Result "1-0"]
[WhiteElo "2204"]
[BlackElo "1529"]
[PlyCount "59"]
[EventDate "2014.04.04"]
[EventType "swiss"]
[EventRounds "6"]
[EventCountry "BRA"]
[SourceTitle "CBM 160 Extra"]
[Source "ChessBase"]
[SourceDate "2014.07.01"]
[SourceVersion "1"]
[SourceVersionDate "2014.07.01"]
[SourceQuality "1"]

1. d4 Nf6 2. Nf3 g6 3. Bf4 d6 4. e3 Bg7 5. Be2 0-0 6. 0-0 Nbd7 7. a4 c5 8. c3 b6 9. h3 Bb7 10. Nbd2 Re8 11. Bh2 Ne4 12. Qb1 Nxd2 13. Nxd2 e5 14. Nc4 Ba6 15. dxc5 d5 16. Rd1 bxc5 17. Rxd5 Bb7 18. Rd2 Qg5 19. Qf1 Red8 20. Nd6 Bc6 21. Bc4 Rf8 22. Rad1 Nb6 23. Bb5 Bf3 24. Be2 Bc6 25. a5 Nd7 26. Bc4 Nf6 27. Nxf7 Rxf7 28. Bxf7+ Kxf7 29. Qc4+ Ke8 30. Qe6+ 1-0

[Event "Sao Bento do Sul op 2nd"]
[Site "Sao Bento do Sul"]
[Date "2014.02.21"]
[Round "1"]
[White "Perondi, Marcelo"]
[Black "Delgado Ramirez, Neuris"]
[Result "0-1"]
[WhiteElo "1520"]
[BlackElo "2589"]
[PlyCount "54"]
[EventDate "2014.02.21"]
[EventType "swiss"]
[EventRounds "6"]
[EventCountry "BRA"]
[SourceTitle "CBM 159 Extra"]
[Source "ChessBase"]
[SourceDate "2014.04.24"]
[SourceVersion "1"]
[SourceVersionDate "2014.04.24"]
[SourceQuality "1"]

1. Nf3 Nf6 2. g3 d5 3. c4 e6 4. b3 a5 5. Bg2 a4 6. bxa4 dxc4 7. Na3 Bxa3 8. Bxa3 Qd7 9. 0-0 Qxa4 10. Qxa4+ Rxa4 11. Bb2 Nbd7 12. Rfc1 0-0 13. Ne5 Nxe5 14. Bxe5 c6 15. Rc2 Bd7 16. d3 cxd3 17. exd3 Rfa8 18. Bd6 Ne8 19. Bc5 Nc7 20. Rb2 Nb5 21. Bb4 e5 22. Kf1 Bf5 23. Be4 Bxe4 24. dxe4 Rd8 25. Ke2 Nd4+ 26. Ke3 Rxb4 27. Rd2 Rc4 0-1

[Event "Forquilhinha op"]
[Site "Forquilhinha"]
[Date "2013.10.13"]
[Round "6"]
[White "Perondi, Marcelo"]
[Black "Rapouso, Ricardo Luis Borba"]
[Result "0-1"]
[WhiteElo "1484"]
[BlackElo "1932"]
[PlyCount "20"]
[EventDate "2013.10.10"]
[EventType "swiss"]
[EventRounds "7"]
[EventCountry "BRA"]
[SourceTitle "EXT 2014"]
[Source "ChessBase"]
[SourceDate "2013.11.20"]
[SourceVersion "1"]
[SourceVersionDate "2013.11.20"]
[SourceQuality "1"]

1. Nf3 Nf6 2. d4 d5 3. c4 dxc4 4. Na3 e6 5. Nxc4 c5 6. e3 cxd4 7. Nce5 Be7 8. Bb5+ Bd7 9. Nxd7 Qa5+ 10. Qd2 Bb4 0-1